Paradigma e-commerce do roku 2030 bakalárska práca

Na minha lista:
Detalhes bibliográficos
Autor principal: Vargovič, Marek
Autor Corporativo: Obchodná fakulta EU. Katedra marketingu
Outros Autores: Orgonáš, Jozef, 1957-
Formato: Livro
Idioma:eslovaco
Publicado em: Bratislava 2021
Tags: Adicionar Tag
Sem tags, seja o primeiro a adicionar uma tag!

MARC

LEADER 00000nbm a2200000 4500
001 0275969
005 20220127122847.7
041 0 |a slo 
044 |a SK 
245 1 0 |a Paradigma e-commerce do roku 2030  |b bakalárska práca  |c Marek Vargovič ; školiteľ: Jozef Orgonáš 
264 1 |a Bratislava  |c 2021 
300 |a 41 s. 
100 1 |a Vargovič, Marek 
700 1 |a Orgonáš, Jozef, 1957- 
710 2 |a Obchodná fakulta EU. Katedra marketingu